[Event "Quart de Poblet op 3rd"]
[Site "Quart de Poblet"]
[Date "2015.07.18"]
[Round "1.3"]
[White "Molina Molina, Carlos Javier"]
[Black "Torres Sanchez, Jose"]
[Result "0-1"]
[WhiteElo "1689"]
[BlackElo "2286"]
[PlyCount "66"]
[EventDate "2015.07.18"]
[EventType "swiss"]
[EventRounds "7"]
[EventCountry "ESP"]
[SourceTitle "EXT 2024"]
[Source "ChessBase"]
[SourceDate "2023.10.10"]
[SourceVersion "1"]
[SourceVersionDate "2023.10.10"]
[SourceQuality "1"]

1. e4 c5 2. Nc3 a6 3. g3 b5 4. Bg2 Bb7 5. Nh3 Nf6 6. d3 d6 7. 0-0 b4 8. e5 Bxg2 9. Kxg2 dxe5 10. Qf3 Nbd7 11. Nd5 Nxd5 12. Qxd5 e6 13. Qf3 Be7 14. Re1 0-0 15. Re4 f5 16. Re1 Qc7 17. Ng5 Bxg5 18. Bxg5 h6 19. Bd2 Rab8 20. Kg1 Rfd8 21. Qh5 Rb6 22. Qe2 Rd6 23. a3 a5 24. axb4 cxb4 25. c3 Nc5 26. cxb4 Nxd3 27. Reb1 axb4 28. Ra4 Qc2 29. Rba1 Nxb2 30. Ra7 Qxd2 31. Qxe5 Qxf2+ 32. Kh1 Rd1+ 33. Rxd1 Rxd1+ 0-1

[Event "San Pedro del Pinatar op 1st"]
[Site "San Pedro del Pinatar"]
[Date "2010.01.15"]
[Round "1"]
[White "Molina Molina, Carlos Javier"]
[Black "Hostalet Ferrer, Pedro Enrique"]
[Result "0-1"]
[WhiteElo "1630"]
[BlackElo "2111"]
[PlyCount "84"]
[EventDate "2010.01.15"]
[EventType "swiss"]
[EventRounds "7"]
[EventCountry "ESP"]
[SourceTitle "CBM 134 Extra"]
[Source "ChessBase"]
[SourceDate "2010.03.03"]
[SourceVersion "1"]
[SourceVersionDate "2010.03.03"]
[SourceQuality "1"]

1. e4 e5 2. Nf3 d6 3. Bc4 Nc6 4. c3 Bg4 5. d3 Qd7 6. Be3 Nf6 7. Nbd2 Be7 8. Qc2 0-0 9. h3 Be6 10. Bxe6 Qxe6 11. Ng5 Qd7 12. f4 exf4 13. Bxf4 d5 14. 0-0-0 Nh5 15. Be3 d4 16. cxd4 Bxg5 17. Bxg5 Nxd4 18. Qc4 b5 19. Qc5 Ne6 20. Qe3 f6 21. g4 fxg5 22. gxh5 Nf4 23. Nb3 a5 24. d4 a4 25. Nc5 Qe7 26. Kb1 Nxh5 27. Rdg1 Nf4 28. Rg4 h6 29. h4 Ne6 30. Nxe6 Qxe6 31. Rhg1 Rae8 32. hxg5 h5 33. Rh4 g6 34. Qd3 c6 35. Rc1 Rf2 36. Rc5 Rg2 37. Rf4 Qe7 38. Rxc6 Rxg5 39. Rcf6 Rg1+ 40. Kc2 Rc8+ 41. Kd2 Qb4+ 42. Ke2 Qxb2+ 0-1